[Event "Chapingo Aeamac 2nd"]
[Site "Chapingo"]
[Date "2008.08.28"]
[Round "3.9"]
[White "Mendoza Velazquez, Lorena Alejandra"]
[Black "Alonso Arteaga, Luis Ivan"]
[Result "1/2-1/2"]
[WhiteElo "1981"]
[BlackElo "2082"]
[PlyCount "83"]
[EventDate "2008.08.28"]
[EventType "swiss"]
[EventRounds "6"]
[EventCountry "MEX"]
[EventCategory "1"]
[SourceTitle "EXT 2024"]
[Source "ChessBase"]
[SourceDate "2023.10.10"]
[SourceVersion "1"]
[SourceVersionDate "2023.10.10"]
[SourceQuality "1"]

1. Nf3 Nf6 2. g3 g6 3. Bg2 Bg7 4. c4 d6 5. Nc3 0-0 6. 0-0 e5 7. d3 Nc6 8. Rb1 a5 9. a3 Bf5 10. b4 axb4 11. axb4 Qd7 12. b5 Nd8 13. Bg5 h6 14. Bxf6 Bxf6 15. Nd5 Bg7 16. Qc1 Be6 17. Nd2 Rc8 18. Qa3 Bxd5 19. Bxd5 c6 20. bxc6 bxc6 21. Bg2 Ne6 22. e3 Nc5 23. Ne4 Nxe4 24. Bxe4 d5 25. Bg2 dxc4 26. dxc4 Qe6 27. Qa4 e4 28. c5 f5 29. Qb3 Qxb3 30. Rxb3 Rfd8 31. f3 exf3 32. Bxf3 Re8 33. Rd1 Re5 34. Rd6 Rxc5 35. Rxg6 Kf7 36. Bh5 Kf8 37. Rb7 Ba1 38. Rxh6 Rd8 39. Rf7+ Kg8 40. Rg6+ Kh8 41. Rg5 Re5 42. Bg6 1/2-1/2

[Event "Carlos Torre Memorial op 19th"]
[Site "Merida"]
[Date "2006.12.15"]
[Round "2"]
[White "Martin Del Campo C, Roberto Abel"]
[Black "Alonso Arteaga, Luis Ivan"]
[Result "1-0"]
[WhiteElo "2455"]
[BlackElo "2097"]
[PlyCount "29"]
[EventDate "2006.12.14"]
[EventType "swiss"]
[EventRounds "9"]
[EventCountry "MEX"]
[SourceTitle "CBM 115 Extra"]
[Source "ChessBase"]
[SourceDate "2007.01.10"]
[SourceVersion "1"]
[SourceVersionDate "2007.01.10"]
[SourceQuality "1"]

1. e4 d5 2. exd5 Qxd5 3. Nc3 Qd6 4. d4 Nf6 5. Be3 Bf5 6. Qf3 Bd7 7. Qxb7 Qc6 8. Qb3 e6 9. Nf3 Qb6 10. Ne5 Be7 11. Be2 0-0 12. 0-0 Be8 13. Nc4 Qxb3 14. axb3 c6 15. Nb6 1-0

[Event "MEX-ch op 52nd "]
[Site "Mexico City"]
[Date "2006.04.14"]
[Round "5"]
[White "Gongora Montes, Benjamin"]
[Black "Alonso Arteaga, Luis Ivan"]
[Result "1-0"]
[WhiteElo "2251"]
[BlackElo "2114"]
[PlyCount "53"]
[EventDate "2006.04.11"]
[EventType "swiss"]
[EventRounds "9"]
[EventCountry "MEX"]
[SourceTitle "EXT 2007"]
[Source "ChessBase"]
[SourceDate "2006.11.23"]
[SourceVersion "1"]
[SourceVersionDate "2006.11.23"]
[SourceQuality "1"]

1. e4 e5 2. f4 exf4 3. Nf3 Nc6 4. d4 d5 5. exd5 Qxd5 6. Bxf4 Bg4 7. Qe2+ Qe6 8. Qxe6+ Bxe6 9. Bb5 0-0-0 10. c3 Bd6 11. Bxd6 Rxd6 12. Nbd2 Bd7 13. 0-0 f5 14. Rae1 Nh6 15. Nc4 Rd5 16. Ba4 Ng4 17. Bxc6 Bxc6 18. h3 Bb5 19. b3 Nf6 20. Nfe5 g6 21. Rf3 Ne4 22. Ne3 Rdd8 23. Nf7 Rde8 24. Nxh8 Rxh8 25. c4 Bd7 26. Nd5 Re8 27. Nc3 1-0